| 000 | 00355nam a22001337a 4500 | ||
|---|---|---|---|
| 005 | 20171229111034.0 | ||
| 008 | 171229b xxu||||| |||| 00| 0 eng d | ||
| 040 | _cPK-LaUMT | ||
| 082 |
_aPKAC 016 _bFAH- |
||
| 245 | _aFahris anaveen ul mozuat: almawad (arabic)/ | ||
| 260 |
_aعمان: _bموسسۃ آل بیت، _c1986 |
||
| 300 | _a535 ص | ||
| 942 | _cBK | ||
| 999 |
_c101183 _d101183 |
||